Supreme Court Criminal Appeal No. 10 OF 2006 Bagatenda Peter Vs Uganda (Record no. 2617)
[ view plain ]
| 000 -LEADER | |
|---|---|
| fixed length control field | 01052nam a22001697a 4500 |
| 008 - FIXED-LENGTH DATA ELEMENTS--GENERAL INFORMATION | |
| fixed length control field | 110610t xxu||||| |||| 00| 0 eng d |
| 010 ## - LIBRARY OF CONGRESS CONTROL NUMBER | |
| LC control number | SCCAF20 |
| 245 ## - TITLE STATEMENT | |
| Title | Supreme Court Criminal Appeal No. 10 OF 2006 Bagatenda Peter Vs Uganda |
| 260 ## - PUBLICATION, DISTRIBUTION, ETC. (IMPRINT) | |
| Date of publication, distribution, etc | 2006 |
| 500 ## - GENERAL NOTE | |
| General note | Coram: Odoki., CJ, Tsekooko, Mulenga, Kanyeihamba, Katureebe, JJ.S.C. |
| 500 ## - GENERAL NOTE | |
| General note | Appeal from the decision of the Court of Appeal of Uganda at Kampala; G.M. Okello, Mpagi-Bahigeine, and Twinomujuni,JJA, dated 31st January 2006 in Criminal Appeal No. 155 of 2001 |
| Withdrawn status | Lost status | Source of classification or shelving scheme | Damaged status | Koha normalized classification for sorting | Not for loan | Location (home branch) | Sublocation or collection (holding branch) | Shelving location | Date acquired | Koha issues (times borrowed) | Koha full call number | Piece designation (barcode) | Koha date last seen | Koha item type | Price effective from |
|---|---|---|---|---|---|---|---|---|---|---|---|---|---|---|---|
| Dewey Decimal Classification | SCCAF__20 | Law Development Centre Main Library | Law Development Centre Main Library | Law Reports | 06/10/2011 | SCCAF_20 | 10/2006/1 | 06/10/2011 | Un Reported Cases | ||||||
| Dewey Decimal Classification | SCCAF__20 | Law Development Centre Main Library | Law Development Centre Main Library | Law Reports | 06/10/2011 | SCCAF_20 | 10/2006/2 | 06/10/2011 | Un Reported Cases | 06/10/2011 | |||||
| Dewey Decimal Classification | SCCAF__20 | Law Development Centre Main Library | Law Development Centre Main Library | Law Reports | 06/10/2011 | SCCAF_20 | 10/2006/3 | 06/10/2011 | Un Reported Cases | 06/10/2011 | |||||
| Dewey Decimal Classification | SCCAF__20 | Law Development Centre Main Library | Law Development Centre Main Library | Law Reports | 06/10/2011 | SCCAF_20 | 10/2006/4 | 06/10/2011 | Un Reported Cases | 06/10/2011 | |||||
| Dewey Decimal Classification | SCCAF__20 | Law Development Centre Main Library | Law Development Centre Main Library | Law Reports | 06/10/2011 | SCCAF_20 | 10/2006/5 | 06/10/2011 | Un Reported Cases | 06/10/2011 |
